000 01307nam0a22002771 4500
001 rc\177559
005 20050531102337.0
035 _a(NLR Aleph) 008776574
090 _a7956424
_c7956424
100 _a20030307d1991 u |0rusy50 ca
101 0 _arus
102 _aRU
105 _ay |||||||||
200 1 _aПРЕДШЕСТВЕННИКИ яровой пшеницы в лесостепи Новосибирской области
_eМетод. рекомендации
_fРос. акад. с.-х. наук. Сиб. отд-ние. Сиб. НИИ земледелия и химизации сел. хоз-ва
_g[Сост. к. с.-х. н. Н.Л. Романова и др.]
210 _aНовосибирск
_cСО РАСХН
_d1991
215 _a16 с.
_d20
320 _aБиблиогр.: с. 15-16
606 1 _aЯровая пшеница
_xПредшественники
_yНовосибирская область
_2nlr_sh1
702 1 _aРоманова
_bН. Л.
_4220
712 0 2 _aСибирский НИИ земледелия и химизации сельского хозяйства
_cНовосибирск
_3RU\NLR\AUTH\889918207
801 0 _aRU
_bNLR
_gpsbo
801 1 _aRU
_bELAR
_2rusmarc
801 2 _aRU
_bNLR
_c20050531
_2rusmarc
852 _aNLR
_j91-4/6316
942 _cBOOK
980 _aNB